| 000 | 00445nam a22001937a 4500 | ||
|---|---|---|---|
| 003 | OSt | ||
| 008 | 210318b ||||| |||| 00| 0 eng d | ||
| 020 | _a9789351921783 | ||
| 082 |
_a621.815 _bGUM |
||
| 100 | _aGUPTA, AR | ||
| 245 | _aMachine Design (Machine Design and Drawing) | ||
| 250 | _a3rd | ||
| 260 |
_aNew Delhi _bSatya _c2019 |
||
| 300 | _aMISC | ||
| 650 | _aME | ||
| 700 | _aGUPTA,BK | ||
| 700 | _aGOEL,Akshay | ||
| 942 |
_2ddc _cBK |
||
| 999 |
_c10566 _d10566 |
||